新潟県の難読地名 30コ - Statistics

General Stats
  • This quiz has been taken 66 times
  • The average score is 7 of 30
Answer Stats
漢字 回答 % Correct
糸魚川 いといがわ
100%
新発田 しばた
98%
小千谷 おぢや
90%
能生 のう
47%
沼垂 ぬったり
45%
勝木 がつぎ
33%
一日市 ひといち
25%
五十公野 いじみの
23%
新飯田 にいだ
22%
杣木 そまぎ
17%
五百川 いもがわ
15%
草水 くそうず
15%
鳥原 とっぱら
15%
薭生 ひう
13%
逢谷内 おうやち
13%
廿六木 とどろき
13%
山北町 さんぽくまち
12%
美守 ひだのもり
10%
中束 なかまるけ
8%
苧島 おのしま
7%
柵口 ませぐち
7%
城之古 たてのこし
7%
秣川岸通 まぐさかわぎしどおり
5%
莇平 あざみひら
5%
河沢 こうぞう
3%
葎生 もぐろう
3%
上昆子 かみびりこ
3%
葎生 もぐろう
3%
本田屋 もとだい
2%
獺ケ通 うすがどおり
0%
No matching quizzes found
Score Distribution
Percent of People with Each Score
Percentile by Number Answered
Your Score History
You have not taken this quiz